Сумеет ли гидрогеология расширить границы своих исследований; Международный симпозиум "Будущее гидрогеологии: современные тенденции и перспективы"

Détails bibliographiques
Parent link:Международный симпозиум "Будущее гидрогеологии: современные тенденции и перспективы".— 2007.— С. 51-58
Auteur principal: Шварцев С. Л. Степан Львович
Résumé:В фонде НТБ ТПУ отсутствует
Langue:russe
Publié: 2007
Sujets:
Format: MixedMaterials Chapitre de livre
KOHA link:https://koha.lib.tpu.ru/cgi-bin/koha/opac-detail.pl?biblionumber=595311

MARC

LEADER 00000naa0a2200000 4500
001 595311
005 20250227120209.0
035 |a (RuTPU)RU\TPU\tpu\16084 
090 |a 595311 
100 |a 20090417d2007 k y0rusy50 ca 
101 0 |a rus 
102 |a RU 
200 1 |a Сумеет ли гидрогеология расширить границы своих исследований  |f С. Л. Шварцев 
320 |a Библиогр.: назв. 
333 |a В фонде НТБ ТПУ отсутствует 
463 |t Международный симпозиум "Будущее гидрогеологии: современные тенденции и перспективы"  |o тезисы докладов, Санкт-Петербург, 2007  |v С. 51-58  |d 2007 
610 1 |a труды учёных ТПУ 
700 1 |a Шварцев  |b С. Л.  |c российский гидрогеолог, доктор геолого-минералогических наук  |c профессор Томского политехнического университета, академик РАЕН  |f 1936-  |g Степан Львович  |3 (RuTPU)RU\TPU\pers\25914  |4 070 
801 1 |a RU  |b 63413507  |c 20090417  |g PSBO 
801 2 |a RU  |b 63413507  |c 20100524  |g PSBO 
942 |c BK